The Bell jar / (Record no. 209248)

MARC details
000 -LEADER
fixed length control field 00520nam a22001817a 4500
005 - DATE AND TIME OF LATEST TRANSACTION
control field 20250220155648.0
010 ## - LCCN (DPL NO)
LC control number ENG-143837
020 ## - INTERNATIONAL STANDARD BOOK NUMBER
Terms of availability 295.00
International Standard Book Number 9789392210761
035 ## - SYSTEM CONTROL NUMBER
System control number EN-127369
037 ## - SOURCE OF ACQUISITION
Source of stock number/acquisition DBAD
082 ## - DEWEY DECIMAL CLASSIFICATION NUMBER
Classification number N
Edition number 01
100 ## - MAIN ENTRY--PERSONAL NAME
Personal name Plath Sylvia
245 ## - TITLE STATEMENT
Title The Bell jar /
Statement of responsibility, etc by Sylvia Plath
Medium english
260 ## - PUBLICATION, DISTRIBUTION, ETC. (IMPRINT)
Place of publication, distribution, etc chandigarh
Name of publisher, distributor, etc JGS Enterprises pvt ltd
Date of publication, distribution, etc 2024
270 ## - ADDRESS
City chandigarh
Address SCO - 14-15, Sector 8-C
Postal code 160009
300 ## - PHYSICAL DESCRIPTION
Extent 217.pb
Dimensions 20cm(pbk)
942 ## - ADDED ENTRY ELEMENTS (KOHA)
Source of classification or shelving scheme Dewey Decimal Classification
Item type English Books
Classification part N
Call number suffix PLA
Edition 01
Call number prefix EN-127369
Holdings
Withdrawn status Lost status Not for loan Collection code Home library Current library Date acquired Source of acquisition Cost, normal purchase price Full call number Barcode Copy number Cost, replacement price Koha item type
      Fiction Central Library Central Library 20/02/2025 Delivery of Books Act Division 295.00 N PLA EN-127369 1 295.00 English Books

© Delhi Public Library
Hit Counter
free hit counter